header

Over the ivy walls (Record no. 10397)

MARC details
000 -LEADER
fixed length control field 01520nam a2200361 a 4500
082 04 - DEWEY DECIMAL CLASSIFICATION NUMBER
Classification number 371.97/6872073
100 1# - MAIN ENTRY--AUTHOR NAME
Personal name Gandara, Patricia C.
245 10 - TITLE STATEMENT
Title Over the ivy walls
260 ## - PUBLICATION, DISTRIBUTION, ETC. (IMPRINT)
Place of publication Albany :
Name of publisher State University of New York Press,
Year of publication c1995.
300 ## - PHYSICAL DESCRIPTION
Number of Pages xii, 151 p.
490 1# - SERIES STATEMENT
Series statement SUNY series, social context of education
650 #0 - SUBJECT ADDED ENTRY--TOPICAL TERM
Topical Term Mexican Americans
Topical Term Mexican Americans
Topical Term Academic achievement
Topical Term Educational sociology
856 40 - ELECTRONIC LOCATION AND ACCESS
Uniform Resource Identifier http://site.ebrary.com/lib/rucke/Doc?id=10021843

No items available.

© 2026 Rongo University
Contact us: librarian | system librarian | Rongo university